000 nam a22 7a 4500
999 _c21851
_d21851
008 170123b xxu||||| |||| 00| 0 eng d
020 _a9780131444423
050 _aQA 152.2 .M37 2005
100 _aGay Martin, Elayn K.
_d2005.
245 _aBeginning and intermediate algebra/
_cK. Elayn Martin-Gay.
250 _a3rd ed.
260 _aLondon:
_bPearson/ prentice hall,
_c2005.
300 _axxviii, 895, (55)p,:
_bill.;
_c26cm.
521 _aIncludes index.
650 _aAlgebra.
942 _2lcc
_cBOOKS
_hQA 152.2 .M37 2005